000
00337 a2200157 4500
001
62268
020
_a
0194219305
040
_c
Anchieta - Pituba
100
_a
Viney, Peter
240
1
0
_a
The locked room
_l
Ing
245
1
0
_a
The locked room
300
_a
18
362
0
_a
1996
650
4
_a
Literatura juvenil em inglês
942
_c
BK
999
_c
62268
_d
62268